| 000 | 01019cab a22002175a 4500 | ||
|---|---|---|---|
| 001 | L157127 | ||
| 008 | 120905e20120901xxk 000 0 eng d | ||
| 035 | _a(Sirsi) u157127 | ||
| 041 | 0 | _aeng | |
| 100 | 1 | _aSimmons, Mark | |
| 245 | 0 | 0 |
_aFocus _bBerkshire and Thames Valley |
| 260 | _c2012 | ||
| 490 |
_aEstates Gazette _v(1235) 1 September 2012, 55-63(9) |
||
| 520 | _aLooks at the office market in the Thames Valley which has attracted and retained a long list of companies including Microsoft, Dell, Oracle and Amazon but has recently met competition from London's silicon roundabout which is centred in East London. Also looks at office development particularly in Reading Town Centre which has several large office buildings planned and the possibility of a westward rail link to Heathrow airport which would provide a boost for Reading and Slough. | ||
| 590 | _aKA | ||
| 651 | 4 | _aThames Valley | |
| 690 |
_aCommercial property _96227 |
||
| 700 | 1 | _aQuinn, David | |
| 700 | 1 | _aHamilton, Helen | |
| 942 | _n0 | ||
| 999 |
_c84263 _d84263 |
||